Missing Word: Competing Movies Quiz Stats

 Plays Quiz Updated Dec 6, 2012

     
Support Sporcle.
Go Orange.
Score 0/20 Timer 04:00
2 Plays Today
Movie Word % Correct
Little ____ SunshineMiss
95.3%
Chariots of ____Fire
91.5%
The ____ GamesHunger
91.3%
A ____ of Their OwnLeague
90.7%
____ It OnBring
90.5%
____ RunningsCool
85.3%
The Mighty ____Ducks
84.9%
A Knight's ____Tale
84.9%
____ JamSpace
84.3%
____ of RockSchool
74.3%
Movie Word % Correct
Searching for ____ FischerBobby
70.7%
The Legend of ____ VanceBagger
66.9%
____ the DragonEnter
55.5%
Balls of ____Fury
50.6%
National ____Velvet
49.5%
____ ItStick
41%
Blue ____Crush
38%
____ and the BeeAkeelah
34.8%
The ____ GreenBig
30.2%
____ ItWhip
25.7%

Today's Daily Dose

From the Vault

True or False Blitz: 1990s

by Smeddlesboy

History 2m
The dream of the 90s is alive on Sporcle.
Remove Ads.
Support Sporcle.
Get the best of Sporcle when you Go Orange. This ad-free experience offers more features, more stats, and more fun while also helping to support Sporcle. Thank you for becoming a member.

Show Comments

Extras

Top Quizzes Today


Score Distribution

Your Account Isn't Verified!

In order to create a playlist on Sporcle, you need to verify the email address you used during registration. Go to your Sporcle Settings to finish the process.

Report this User

Report this user for behavior that violates our Community Guidelines.

Details: